[Event "6. Open Veteranos de Calviá"]
[Site "Calviá ESP"]
[Date "2006.10.27"]
[Round "8.6"]
[White "Tejero Royo, Fermin"]
[Black "Hutchinson, Paul A"]
[Result "0-1"]
[WhiteElo "2159"]
[BlackElo "2178"]
[PlyCount "76"]
[EventDate "2006.10.20"]
[EventType "swiss"]
[EventRounds "9"]
[EventCountry "ESP"]
[Source "lmi"]
[SourceDate "2006.10.20"]

1. e4 Nc6 2. d4 d5 3. exd5 Qxd5 4. Nf3 Bg4 5. Be2 O-O-O 6. c3 e5 7. dxe5 Qxd1+
8. Bxd1 Nxe5 9. Be2 Bxf3 10. gxf3 Nd3+ 11. Bxd3 Rxd3 12. Ke2 Rd5 13. Be3 Nf6
14. c4 Rh5 15. Nc3 Bc5 16. Ne4 Nxe4 17. fxe4 Re8 18. Bxc5 Rxc5 19. Kd3 Rce5 20.
f3 f5 21. Rae1 Kd7 22. b4 a5 23. a3 c6 24. Kd4 g6 25. Re2 fxe4 26. fxe4 Rh5 27.
Rb1 a4 28. Rbb2 Ke6 29. Re3 b6 30. Rf2 Rd8+ 31. Kc3 Rd1 32. c5 bxc5 33. bxc5
Rxc5+ 34. Kb2 Rcc1 35. Ref3 Rb1+ 36. Kc2 Rdc1+ 37. Kd2 Rc5 38. Kd3 Ke5 0-1

[Event "6. Open Veteranos de Calviá"]
[Site "Calviá ESP"]
[Date "2006.10.27"]
[Round "8.7"]
[White "Estrada Martinez, Cesar"]
[Black "Forteza Valls, Jose Maria"]
[Result "1-0"]
[WhiteElo "2167"]
[BlackElo "2105"]
[PlyCount "105"]
[EventDate "2006.10.20"]
[EventType "swiss"]
[EventRounds "9"]
[EventCountry "ESP"]
[Source "lmi"]
[SourceDate "2006.10.20"]

1. Nf3 e6 2. d4 d5 3. c4 c6 4. Qc2 Be7 5. Bf4 Nd7 6. e3 Ngf6 7. Nc3 dxc4 8.
Bxc4 Nb6 9. Be2 Nfd5 10. Bg3 Nxc3 11. bxc3 Nd5 12. O-O h5 13. e4 Nf6 14. Rad1
Kf8 15. c4 Bd7 16. e5 Ne8 17. d5 Qc8 18. d6 Bd8 19. Qd2 h4 20. Bf4 h3 21. g3 c5
22. Ng5 Bxg5 23. Bxg5 Qc6 24. f3 f6 25. Bf4 fxe5 26. Bxe5 Rh5 27. Qe3 Nf6 28.
Bd3 Kg8 29. Bg6 Rh8 30. Rd2 Rf8 31. Rdf2 b6 32. g4 Qc8 33. g5 Be8 34. gxf6 gxf6
35. Bxe8 Qxe8 36. Bg3 Kf7 37. Rd2 Qd7 38. Re1 Rfg8 39. f4 Re8 40. Qe4 f5 41.
Qe5 Rhg8 42. a4 Rg6 43. Kf2 Qc6 44. Rg1 Rd8 45. Kf1 Qxa4 46. Qe2 Qc6 47. Qd3
Rd7 48. Bh4 Rxg1+ 49. Kxg1 Ke8 50. Be7 Qa4 51. Qxh3 Qa1+ 52. Kf2 Qg7 53. Qh5+
1-0

[Event "6. Open Veteranos de Calviá"]
[Site "Calviá ESP"]
[Date "2006.10.27"]
[Round "8.8"]
[White "Simon Padros, Emili"]
[Black "Serra Olives, Tomas"]
[Result "1-0"]
[WhiteElo "2260"]
[BlackElo "2132"]
[PlyCount "63"]
[EventDate "2006.10.20"]
[EventType "swiss"]
[EventRounds "9"]
[EventCountry "ESP"]
[Source "lmi"]
[SourceDate "2006.10.20"]

1. e4 e5 2. Nf3 Nc6 3. Bb5 a6 4. Ba4 Nf6 5. d3 Bc5 6. O-O b5 7. Bb3 O-O 8. c3
d6 9. Bg5 h6 10. Bh4 Bg4 11. Bd5 Qd7 12. Bxf6 gxf6 13. Nbd2 Rad8 14. h3 Be6 15.
Bxc6 Qxc6 16. d4 d5 17. dxc5 dxe4 18. Nh2 Kh8 19. Qh5 Kh7 20. Rfd1 Rg8 21. Qh4
Rg6 22. Ndf1 Rdg8 23. Ne3 f5 24. Rd8 R8g7 25. Rf8 Rg5 26. Rd1 h5 27. Rdd8 f6
28. Rxf6 f4 29. Neg4 R7g6 30. Rdf8 Kg7 31. Rxg6+ Rxg6 32. Qe7+ 1-0

[Event "6. Open Veteranos de Calviá"]
[Site "Calviá ESP"]
[Date "2006.10.27"]
[Round "8.9"]
[White "Salgado Gonzalez, Julio"]
[Black "Anguera Maestro, Jaime"]
[Result "1/2-1/2"]
[WhiteElo "1955"]
[BlackElo "2214"]
[PlyCount "63"]
[EventDate "2006.10.20"]
[EventType "swiss"]
[EventRounds "9"]
[EventCountry "ESP"]
[Source "lmi"]
[SourceDate "2006.10.20"]

1. d4 d5 2. Bf4 Nf6 3. Nd2 b6 4. e3 Bb7 5. Bd3 e6 6. Ngf3 Bd6 7. Ne5 O-O 8. Qf3
Nbd7 9. g4 c5 10. c3 Qc7 11. g5 Ne4 12. Nxe4 dxe4 13. Bxe4 Bxe4 14. Qxe4 Bxe5
15. Bxe5 Nxe5 16. dxe5 Rad8 17. Ke2 Qd7 18. Rad1 Qb5+ 19. Kf3 Rxd1 20. Rxd1
Qxb2 21. Qc4 Qc2 22. Rd7 a5 23. h4 g6 24. a4 Qf5+ 25. Qf4 Qh3+ 26. Ke2 Qg2 27.
Qf6 Qg4+ 28. Ke1 Qxa4 29. Rd8 Qa1+ 30. Ke2 Qb2+ 31. Kf3 Qb5 32. Qe7 1/2-1/2

[Event "6. Open Veteranos de Calviá"]
[Site "Calviá ESP"]
[Date "2006.10.27"]
[Round "8.10"]
[White "Buxade Roca, Guillermo"]
[Black "Penalver Guardia, Josep"]
[Result "1-0"]
[WhiteElo "2205"]
[BlackElo "1918"]
[PlyCount "81"]
[EventDate "2006.10.20"]
[EventType "swiss"]
[EventRounds "9"]
[EventCountry "ESP"]
[Source "lmi"]
[SourceDate "2006.10.20"]

1. c4 Nf6 2. Nc3 d5 3. cxd5 Nxd5 4. g3 c6 5. Nf3 g6 6. Bg2 Bg7 7. O-O O-O 8. d4
a5 9. e4 Nxc3 10. bxc3 Nd7 11. e5 Nb6 12. Re1 Be6 13. h4 Qc7 14. Bf4 Nd5 15.
Bd2 b5 16. Ng5 Bf5 17. h5 h6 18. Ne4 Bxe4 19. Bxe4 g5 20. Qf3 e6 21. Bc2 c5 22.
Qe4 Rfc8 23. Rac1 Ra7 24. Bb1 c4 25. Qh7+ Kf8 26. Bxg5 hxg5 27. h6 f5 28. hxg7+
Qxg7 29. Qxg7+ Rxg7 30. Kg2 Ke7 31. Rh1 Rf8 32. a3 Rff7 33. Ba2 Rh7 34. Rxh7
Rxh7 35. a4 bxa4 36. Bxc4 Rh8 37. Bxd5 exd5 38. Ra1 Rc8 39. Rxa4 Rxc3 40. Rxa5
Ke6 41. Ra6+ 1-0

[Event "6. Open Veteranos de Calviá"]
[Site "Calviá ESP"]
[Date "2006.10.27"]
[Round "8.11"]
[White "Batalla Batalla, Josep"]
[Black "Antigua Padros, Jordi"]
[Result "1/2-1/2"]
[WhiteElo "2127"]
[BlackElo "2160"]
[PlyCount "25"]
[EventDate "2006.10.20"]
[EventType "swiss"]
[EventRounds "9"]
[EventCountry "ESP"]
[Source "lmi"]
[SourceDate "2006.10.20"]

1. e4 e6 2. Nf3 d5 3. e5 c5 4. b4 b6 5. Bb2 Ne7 6. c3 Nf5 7. bxc5 Bxc5 8. d4
Be7 9. Ba3 O-O 10. Bxe7 Qxe7 11. Bd3 Ba6 12. Qe2 Bxd3 13. Qxd3 1/2-1/2

[Event "6. Open Veteranos de Calviá"]
[Site "Calviá ESP"]
[Date "2006.10.27"]
[Round "8.12"]
[White "Sarto Ramos, Angel"]
[Black "Patola, Eero"]
[Result "1-0"]
[WhiteElo "2069"]
[BlackElo "1959"]
[PlyCount "129"]
[EventDate "2006.10.20"]
[EventType "swiss"]
[EventRounds "9"]
[EventCountry "ESP"]
[Source "lmi"]
[SourceDate "2006.10.20"]

1. d4 f5 2. Nf3 g6 3. Nc3 Nf6 4. h4 Bg7 5. h5 Nxh5 6. Rxh5 gxh5 7. e4 fxe4 8.
Ng5 O-O 9. Qxh5 h6 10. Ngxe4 Qe8 11. Qh2 c6 12. Bxh6 d5 13. Bxg7 Kxg7 14. Qe5+
Kg8 15. Qg3+ Kh8 16. Ng5 Bf5 17. O-O-O Nd7 18. Qh4+ Kg7 19. g4 Rh8 20. Qg3 Bh7
21. Ne6+ Kf7 22. Nc7 Qb8 23. Qf3+ Kg7 24. Nxa8 Qd6 25. Qe3 Rxa8 26. Re1 Re8 27.
Qg5+ Bg6 28. f4 Qf6 29. Qxf6+ exf6 30. Rxe8 Bxe8 31. Ne2 Nf8 32. Kd2 Bg6 33. f5
Be8 34. Nf4 Kh6 35. Nh3 Nh7 36. Ke3 Ng5 37. Nf4 Bf7 38. Bg2 b5 39. c3 a6 40.
Nd3 a5 41. Kf4 Be8 42. a3 Nf7 43. Nc5 Nd6 44. Bf1 Bf7 45. Bd3 Be8 46. Ne6 Nf7
47. b3 Bd7 48. c4 b4 49. axb4 axb4 50. c5 Bc8 51. Nc7 Ng5 52. Ne8 Nh7 53. Nd6
Bd7 54. Ba6 Kg7 55. Bc8 Nf8 56. g5 fxg5+ 57. Kxg5 Nh7+ 58. Kf4 Bxc8 59. Nxc8
Nf6 60. Na7 Ne4 61. Nxc6 Nd2 62. Nxb4 Nxb3 63. Ke5 Kf7 64. c6 Na5 65. Kxd5 1-0

[Event "6. Open Veteranos de Calviá"]
[Site "Calviá ESP"]
[Date "2006.10.27"]
[Round "8.13"]
[White "Kozarcanin, Sead"]
[Black "Gonzalo Gonzalez, Francisco"]
[Result "1-0"]
[WhiteElo "2213"]
[BlackElo "1921"]
[PlyCount "115"]
[EventDate "2006.10.20"]
[EventType "swiss"]
[EventRounds "9"]
[EventCountry "ESP"]
[Source "lmi"]
[SourceDate "2006.10.20"]

1. e4 c5 2. Nf3 Nc6 3. d3 d6 4. Be2 g6 5. O-O Bg7 6. c3 Bg4 7. h3 Bxf3 8. Bxf3
Qb6 9. Nd2 Ne5 10. Be2 Nf6 11. f4 Nc6 12. Nc4 Qc7 13. a4 O-O 14. Bf3 Rad8 15.
Ne3 Bh6 16. Nd5 Nxd5 17. exd5 Nb8 18. Qe1 Rde8 19. Qh4 Bg7 20. g4 Nd7 21. Re1
Bf6 22. g5 Bg7 23. Qg4 f5 24. Qg2 Qa5 25. Bd2 Qb6 26. Bc1 Qb3 27. Bd1 Qb6 28.
Bc2 a5 29. h4 Kf7 30. h5 e6 31. dxe6+ Rxe6 32. Qd5 Rfe8 33. Kg2 Qc6 34. Bb3 Nf8
35. Qxc6 bxc6 36. h6 Bh8 37. Bxe6+ Nxe6 38. Bd2 Rb8 39. Rab1 Rb3 40. Re2 Nc7
41. Rbe1 Rxb2 42. Re7+ Kf8 43. Rxc7 Rxd2+ 44. Kf1 Bxc3 45. Ree7 Rd1+ 46. Kf2
Bd4+ 47. Ke2 Rb1 48. Rxh7 Rb8 49. Rhf7+ Kg8 50. Rfd7 Re8+ 51. Kd1 Rb8 52. Rxd6
Rb1+ 53. Ke2 Rb8 54. Rxg6+ Kh8 55. Rgxc6 Re8+ 56. Kd1 Re3 57. g6 Rxd3+ 58. Kc2
1-0

[Event "6. Open Veteranos de Calviá"]
[Site "Calviá ESP"]
[Date "2006.10.27"]
[Round "8.14"]
[White "Feiguelman, Boris Dr"]
[Black "Lastras Hernandez, Tomas"]
[Result "1-0"]
[WhiteElo "2092"]
[BlackElo "1986"]
[PlyCount "73"]
[EventDate "2006.10.20"]
[EventType "swiss"]
[EventRounds "9"]
[EventCountry "ESP"]
[Source "lmi"]
[SourceDate "2006.10.20"]

1. e4 c5 2. f4 Nc6 3. Nf3 d6 4. g3 Nf6 5. d3 g6 6. Bg2 Bg7 7. O-O O-O 8. h3 Qb6
9. Kh2 Bd7 10. c3 Rad8 11. g4 e6 12. Qe2 d5 13. e5 Ne8 14. g5 Ne7 15. b4 cxb4
16. Be3 Qa5 17. cxb4 Qxb4 18. Nbd2 b6 19. a4 Nf5 20. Rfb1 Qe7 21. Bf2 Ra8 22.
a5 b5 23. Nb3 Rc8 24. Bxa7 Rc3 25. Qd2 b4 26. d4 Bb5 27. Bc5 Qc7 28. a6 Ned6
29. exd6 Nxd6 30. Bxd6 Qxd6 31. Nc5 Bxd4 32. Nb7 Qb6 33. Qxd4 Qxd4 34. Nxd4 Bc4
35. a7 Ra8 36. Rxb4 Rd3 37. Nf3 1-0

[Event "6. Open Veteranos de Calviá"]
[Site "Calviá ESP"]
[Date "2006.10.27"]
[Round "8.15"]
[White "Klempt, Guenter"]
[Black "Diaz Begonte, Manuel"]
[Result "1-0"]
[WhiteElo "2071"]
[BlackElo "1897"]
[PlyCount "52"]
[EventDate "2006.10.20"]
[EventType "swiss"]
[EventRounds "9"]
[EventCountry "ESP"]
[Source "lmi"]
[SourceDate "2006.10.20"]

1. d4 d5 2. c4 c6 3. Nf3 Nf6 4. Nc3 dxc4 5. a4 Bf5 6. e3 e6 7. Bxc4 Be7 8. O-O
O-O 9. Re1 h6 10. b3 Nbd7 11. Bb2 Bb4 12. Rc1 Ne4 13. Qe2 Qa5 14. Nxe4 Bxe1 15.
Nd6 Bb4 16. Nxf5 Qxf5 17. Bd3 Qh5 18. Rc4 Be7 19. h3 Nb6 20. Rc1 Nd5 21. Bb1 f5
22. Qd3 Nf6 23. Qc4 Qf7 24. Ne5 Qe8 25. Qxe6+ Kh8 26. Qxf5 Qh5 1-0

[Event "6. Open Veteranos de Calviá"]
[Site "Calviá ESP"]
[Date "2006.10.27"]
[Round "8.16"]
[White "Campos Calvo-Sotelo, Juan"]
[Black "Alonso Igual, Ignacio"]
[Result "1-0"]
[WhiteElo "2086"]
[BlackElo "1899"]
[PlyCount "117"]
[EventDate "2006.10.20"]
[EventType "swiss"]
[EventRounds "9"]
[EventCountry "ESP"]
[Source "lmi"]
[SourceDate "2006.10.20"]

1. b4 e5 2. a3 d6 3. e3 Be6 4. c4 f5 5. Bb2 Nf6 6. Nc3 Be7 7. Nf3 Ne4 8. d4
Nxc3 9. Bxc3 e4 10. Nd2 O-O 11. d5 Bf7 12. Qc2 Bg6 13. Nb3 f4 14. O-O-O Bf6 15.
Nd4 Bxd4 16. Bxd4 c6 17. Qb2 Rf7 18. dxc6 Nxc6 19. Bc3 Rd7 20. Kb1 Rc8 21. Ka1
Ne5 22. Bxe5 dxe5 23. Be2 f3 24. gxf3 exf3 25. Bxf3 Rxd1+ 26. Rxd1 Qe7 27. c5
h6 28. Qd2 Rc7 29. Qd6 Kh7 30. h4 h5 31. Rd5 Qf7 32. Bd1 Qf5 33. Kb2 Qb1+ 34.
Kc3 Qc1+ 35. Kb3 b5 36. Qxe5 Rf7 37. Qc3 Qb1+ 38. Qb2 Qe4 39. Rd4 Qe6+ 40. Kc3
Rd7 41. Bb3 Qc6 42. Qd2 Qf6 43. Bc2 Rxd4 44. Bxg6+ Kxg6 45. exd4 Qe6 46. Qd3+
Kf7 47. Qe3 Qa2 48. Qf4+ Kg8 49. Qb8+ Kh7 50. Qxb5 Qa1+ 51. Kd2 Qb2+ 52. Ke3
Qc1+ 53. Ke4 Qh1+ 54. Ke5 Qxh4 55. Qd3+ Kh6 56. Qe3+ g5 57. Kf6 Qg4 58. f3 Qg3
59. Qe4 1-0

[Event "6. Open Veteranos de Calviá"]
[Site "Calviá ESP"]
[Date "2006.10.27"]
[Round "8.17"]
[White "Pomar Mir, Francisco"]
[Black "Gomez Feria, Jose Maria"]
[Result "1-0"]
[WhiteElo "1996"]
[BlackElo "1973"]
[PlyCount "51"]
[EventDate "2006.10.20"]
[EventType "swiss"]
[EventRounds "9"]
[EventCountry "ESP"]
[Source "lmi"]
[SourceDate "2006.10.20"]

1. Nf3 c5 2. e4 d6 3. d4 cxd4 4. Nxd4 Nf6 5. Nc3 g6 6. f3 Bg7 7. Be3 O-O 8. Qd2
Nc6 9. O-O-O a6 10. g4 Be6 11. h4 h5 12. gxh5 Nxh5 13. Rg1 Nxd4 14. Bxd4 Qa5
15. Bxg7 Kxg7 16. Rg5 Qb6 17. Rxh5 gxh5 18. Qg5+ Kh7 19. Bd3 f5 20. Rg1 Qxg1+
21. Qxg1 Rg8 22. Qd4 Raf8 23. exf5 Bxf5 24. Ne4 Rg2 25. Ng5+ Kg6 26. Ne6 1-0

[Event "6. Open Veteranos de Calviá"]
[Site "Calviá ESP"]
[Date "2006.10.27"]
[Round "8.18"]
[White "Perez Cameselle, Francisco"]
[Black "Mercadal Melia, Dante"]
[Result "1-0"]
[WhiteElo "1981"]
[BlackElo "1973"]
[PlyCount "95"]
[EventDate "2006.10.20"]
[EventType "swiss"]
[EventRounds "9"]
[EventCountry "ESP"]
[Source "lmi"]
[SourceDate "2006.10.20"]

1. Nf3 f5 2. g3 Nf6 3. Bg2 e6 4. O-O d6 5. d3 Be7 6. Nc3 O-O 7. e4 e5 8. Ne1
fxe4 9. dxe4 c6 10. f4 Ng4 11. Qe2 exf4 12. gxf4 Qe8 13. h3 Nf6 14. Nd3 Nh5 15.
Qe1 Qd8 16. Be3 Bh4 17. Bf2 Bxf2+ 18. Qxf2 Nd7 19. Rad1 Qe7 20. Qe1 g6 21. Rd2
c5 22. Nd5 Qd8 23. c4 Nb6 24. Nxb6 axb6 25. b3 Be6 26. a4 Qc7 27. Qh4 Qd8 28.
Qxd8 Raxd8 29. Kh2 Rd7 30. Rdf2 Ng7 31. Nb2 Rdf7 32. Nd1 Nh5 33. e5 dxe5 34.
fxe5 Rxf2 35. Rxf2 Rxf2 36. Nxf2 Bf5 37. Be4 Kf7 38. Bxf5 gxf5 39. Nd3 Ke6 40.
Kg2 Ng7 41. Kf3 Ne8 42. Kf4 h6 43. a5 bxa5 44. Nxc5+ Ke7 45. Nxb7 Nc7 46. Nxa5
Ne6+ 47. Kxf5 Nd4+ 48. Ke4 1-0

[Event "6. Open Veteranos de Calviá"]
[Site "Calviá ESP"]
[Date "2006.10.27"]
[Round "8.19"]
[White "Pellicer Sancho, Rafael Jose"]
[Black "Yanez Acin, Gonzalo"]
[Result "1/2-1/2"]
[WhiteElo "1961"]
[BlackElo "1988"]
[PlyCount "60"]
[EventDate "2006.10.20"]
[EventType "swiss"]
[EventRounds "9"]
[EventCountry "ESP"]
[Source "lmi"]
[SourceDate "2006.10.20"]

1. f4 e5 2. Nf3 e4 3. Ne5 d6 4. Nc4 Nf6 5. e3 Be7 6. Be2 b5 7. Na5 c6 8. b4 O-O
9. Bb2 Nd5 10. a3 Bh4+ 11. g3 Bf6 12. Nc3 Bh3 13. Nb3 Bxc3 14. Bxc3 Nd7 15. Bb2
N7b6 16. Nd4 Rc8 17. Bg4 Bxg4 18. Qxg4 Nf6 19. Qh4 Na4 20. Bc1 Qd7 21. Rg1 c5
22. Ne2 Rc6 23. g4 Nd5 24. Qg3 a5 25. h4 axb4 26. axb4 Nxb4 27. Rxa4 bxa4 28.
Bb2 a3 29. Bc3 a2 30. Kf2 Ra6 1/2-1/2

[Event "6. Open Veteranos de Calviá"]
[Site "Calviá ESP"]
[Date "2006.10.27"]
[Round "8.20"]
[White "Fernandez Martin, Manuel"]
[Black "Castan Sanclemente, Alejandro"]
[Result "1-0"]
[WhiteElo "1658"]
[BlackElo "1982"]
[PlyCount "71"]
[EventDate "2006.10.20"]
[EventType "swiss"]
[EventRounds "9"]
[EventCountry "ESP"]
[Source "lmi"]
[SourceDate "2006.10.20"]

1. e4 e5 2. Nf3 Nf6 3. Nc3 Nc6 4. d3 d5 5. exd5 Nxd5 6. Nxd5 Qxd5 7. Be2 Bg4 8.
h3 Bh5 9. O-O O-O-O 10. a3 f5 11. Bg5 Re8 12. c4 Qe6 13. b4 h6 14. Be3 f4 15.
Bc1 g5 16. b5 Nb8 17. Qa4 Bc5 18. Bb2 Nd7 19. Rae1 g4 20. hxg4 Bxg4 21. d4 Nb6
22. Qc2 Bf5 23. Qc1 exd4 24. Bxd4 Bxd4 25. Nxd4 Qe4 26. Nxf5 Qxf5 27. c5 Nd7
28. c6 Ne5 29. cxb7+ Kb8 30. Qc3 Rhg8 31. Bf3 Nxf3+ 32. Qxf3 h5 33. Rxe8+ Rxe8
34. Rd1 h4 35. a4 Qe4 36. Rd8+ 1-0

[Event "6. Open Veteranos de Calviá"]
[Site "Calviá ESP"]
[Date "2006.10.28"]
[Round "9.1"]
[White "Suba, Mihai"]
[Black "Garcia Martinez, Silvino"]
[Result "1-0"]
[WhiteElo "2535"]
[BlackElo "2316"]
[PlyCount "77"]
[EventDate "2006.10.20"]
[EventType "swiss"]
[EventRounds "9"]
[EventCountry "ESP"]
[Source "lmi"]
[SourceDate "2006.10.20"]

1. c4 c6 2. e4 e5 3. Nf3 Qa5 4. Nc3 Nf6 5. Be2 Bb4 6. Qc2 O-O 7. O-O Re8 8. Rb1
d5 9. cxd5 cxd5 10. exd5 Bg4 11. Bc4 Bxf3 12. gxf3 Nbd7 13. Qf5 g6 14. Qh3 Nb6
15. Bb3 Nbxd5 16. Nxd5 Nxd5 17. d3 Rad8 18. Rd1 Bc5 19. Qh4 b5 20. d4 Bxd4 21.
Bh6 Qb6 22. Rbc1 Ne7 23. Bg5 Rd7 24. Kg2 Nf5 25. Qe4 h6 26. Rc6 hxg5 27. Rxb6
axb6 28. Qc6 Nh4+ 29. Kf1 Ree7 30. Qf6 Kh7 31. h3 Rc7 32. Qxg5 Nf5 33. h4 Ng7
34. f4 Bxb2 35. f5 Nxf5 36. h5 Rc6 37. Bd5 Rd6 38. hxg6+ fxg6 39. Bg8+ 1-0

[Event "6. Open Veteranos de Calviá"]
[Site "Calviá ESP"]
[Date "2006.10.28"]
[Round "9.3"]
[White "Spassov, Liuben"]
[Black "Andersson, Ulf"]
[Result "1/2-1/2"]
[WhiteElo "2365"]
[BlackElo "2542"]
[PlyCount "20"]
[EventDate "2006.10.20"]
[EventType "swiss"]
[EventRounds "9"]
[EventCountry "ESP"]
[Source "lmi"]
[SourceDate "2006.10.20"]

1. d4 d5 2. c4 c6 3. cxd5 cxd5 4. Nc3 Nf6 5. Bf4 Nc6 6. e3 e6 7. Nf3 Bd6 8.
Bxd6 Qxd6 9. Bd3 O-O 10. O-O Bd7 1/2-1/2

[Event "6. Open Veteranos de Calviá"]
[Site "Calviá ESP"]
[Date "2006.10.28"]
[Round "9.4"]
[White "Hutchinson, Paul A"]
[Black "Leskovar, Mario"]
[Result "0-1"]
[WhiteElo "2178"]
[BlackElo "2373"]
[PlyCount "112"]
[EventDate "2006.10.20"]
[EventType "swiss"]
[EventRounds "9"]
[EventCountry "ESP"]
[Source "lmi"]
[SourceDate "2006.10.20"]

1. d4 g6 2. e4 c6 3. Nc3 d5 4. h3 Bg7 5. Nf3 Nf6 6. e5 Ne4 7. Bd3 Nxc3 8. bxc3
c5 9. O-O O-O 10. Be3 Nc6 11. Qd2 Qa5 12. Rfb1 cxd4 13. cxd4 Qxd2 14. Nxd2 b6
15. a4 f6 16. exf6 Bxf6 17. c3 Bf5 18. Bxf5 gxf5 19. f4 Na5 20. Nb3 Nc4 21. Bf2
h5 22. a5 Rfc8 23. Be1 e6 24. Ra2 Bd8 25. Rba1 Nxa5 26. Nxa5 bxa5 27. g4 hxg4
28. hxg4 fxg4 29. Rg2 Kf7 30. Rxg4 Bb6 31. Bd2 Rg8 32. Rg5 Bd8 33. Rxg8 Kxg8
34. f5 exf5 35. Rf1 a4 36. Ra1 Bb6 37. Rxa4 Kf7 38. Kg2 Re8 39. Kf3 Rh8 40. Ra1
Rh2 41. Ke3 Ke6 42. Rg1 f4+ 43. Kd3 Kf5 44. Rg8 Bc7 45. Rg7 Rh3+ 46. Kc2 Bb8
47. Rg8 Bd6 48. Rg7 a5 49. Rf7+ Ke6 50. Ra7 f3 51. Rxa5 Rh1 52. Be3 Bf4 53. c4
Bxe3 54. cxd5+ Kd6 55. Ra6+ Kxd5 56. Rf6 f2 0-1

[Event "6. Open Veteranos de Calviá"]
[Site "Calviá ESP"]
[Date "2006.10.28"]
[Round "9.5"]
[White "Simon Padros, Emili"]
[Black "Estrada Martinez, Cesar"]
[Result "1/2-1/2"]
[WhiteElo "2260"]
[BlackElo "2167"]
[PlyCount "82"]
[EventDate "2006.10.20"]
[EventType "swiss"]
[EventRounds "9"]
[EventCountry "ESP"]
[Source "lmi"]
[SourceDate "2006.10.20"]

1. e4 e5 2. Nf3 Nf6 3. Nxe5 d6 4. Nf3 Nxe4 5. Nc3 Nxc3 6. dxc3 Be7 7. Be3 Be6
8. Nd4 Bd7 9. Qd2 Nc6 10. O-O-O O-O 11. Be2 Nxd4 12. cxd4 d5 13. h4 Re8 14. g4
Bd6 15. g5 Bf5 16. h5 Qe7 17. Bf3 Be4 18. Bxe4 Qxe4 19. g6 fxg6 20. hxg6 h6 21.
Kb1 Re6 22. Bxh6 Rxg6 23. Be3 Rf8 24. Rh5 Rf5 25. Qe2 Rgg5 26. Rxg5 Rxg5 27.
Qb5 Rh5 28. Qxb7 Rh1 29. Kc1 Bf4 30. Qc8+ Kh7 31. Rxh1+ Qxh1+ 32. Kd2 Bxe3+ 33.
fxe3 Qg2+ 34. Kc3 Qe4 35. Qh3+ Kg6 36. Qg3+ Kf6 37. Kd2 g5 38. Qxc7 Qg2+ 39.
Kc3 g4 40. Qf4+ Kg6 41. Kd3 g3 1/2-1/2

[Event "6. Open Veteranos de Calviá"]
[Site "Calviá ESP"]
[Date "2006.10.28"]
[Round "9.6"]
[White "Berry, Stephen"]
[Black "Buxade Roca, Guillermo"]
[Result "1-0"]
[WhiteElo "2365"]
[BlackElo "2205"]
[PlyCount "63"]
[EventDate "2006.10.20"]
[EventType "swiss"]
[EventRounds "9"]
[EventCountry "ESP"]
[Source "lmi"]
[SourceDate "2006.10.20"]

1. e4 c5 2. Nf3 Nc6 3. Bb5 Nf6 4. Nc3 Qc7 5. O-O g6 6. Nd5 Nxd5 7. exd5 Nd4 8.
Nxd4 cxd4 9. Re1 Qc5 10. c4 a6 11. b4 Qxb4 12. Ba4 Bg7 13. d3 O-O 14. Bd2 Qd6
15. Rb1 a5 16. Rb5 b6 17. Qb3 Ra6 18. Rb1 e6 19. Rxb6 Rxb6 20. Qxb6 Qxb6 21.
Rxb6 exd5 22. cxd5 Be5 23. Bxa5 d6 24. Bd2 Bf5 25. Bb5 Rc8 26. Bc4 Kg7 27. a4
Ra8 28. a5 g5 29. a6 g4 30. Bb4 Rd8 31. g3 Kf6 32. Bb5 1-0

[Event "6. Open Veteranos de Calviá"]
[Site "Calviá ESP"]
[Date "2006.10.28"]
[Round "9.7"]
[White "Anguera Maestro, Jaime"]
[Black "Klempt, Guenter"]
[Result "1-0"]
[WhiteElo "2214"]
[BlackElo "2071"]
[PlyCount "53"]
[EventDate "2006.10.20"]
[EventType "swiss"]
[EventRounds "9"]
[EventCountry "ESP"]
[Source "lmi"]
[SourceDate "2006.10.20"]

1. d4 Nf6 2. c4 g6 3. Nc3 Bg7 4. e4 d6 5. Bg5 O-O 6. Qd2 c5 7. d5 Na6 8. Bd3
Bd7 9. Nge2 Rb8 10. a3 Nc7 11. b4 b5 12. bxc5 bxc4 13. Bc2 dxc5 14. e5 Nfxd5
15. Nxd5 Nxd5 16. Qxd5 Rb2 17. Rc1 h6 18. Be3 Qa5+ 19. Bd2 Qc7 20. Bc3 Bc6 21.
Qxc5 Rb5 22. Qxc4 Bxe5 23. Ba4 Bxc3+ 24. Qxc3 Qb7 25. Qxc6 Qxc6 26. Rxc6 Rb1+
27. Rc1 1-0

[Event "6. Open Veteranos de Calviá"]
[Site "Calviá ESP"]
[Date "2006.10.28"]
[Round "9.8"]
[White "Forteza Valls, Jose Maria"]
[Black "Kozarcanin, Sead"]
[Result "0-1"]
[WhiteElo "2105"]
[BlackElo "2213"]
[PlyCount "84"]
[EventDate "2006.10.20"]
[EventType "swiss"]
[EventRounds "9"]
[EventCountry "ESP"]
[Source "lmi"]
[SourceDate "2006.10.20"]

1. e4 e5 2. Nf3 Nc6 3. Bc4 Be7 4. c3 Nf6 5. d4 d6 6. d5 Nb8 7. Bd3 O-O 8. c4
Nbd7 9. Nc3 Nc5 10. Bc2 a5 11. Be3 b6 12. h3 Ne8 13. g4 g6 14. Qe2 Ng7 15. Qd2
f6 16. b3 Bd7 17. Nh2 Kh8 18. O-O Rg8 19. Kh1 f5 20. f4 exf4 21. Rxf4 g5 22.
Rf2 f4 23. Bd4 Bf6 24. Nf3 Qe7 25. Re1 Be5 26. Rh2 Ne8 27. Nd1 Nf6 28. Nf2 Rg7
29. Qc3 Re8 30. a3 h5 31. b4 Nb7 32. Qd2 Kg8 33. Bc3 hxg4 34. hxg4 Bxg4 35.
Nxe5 dxe5 36. Bd1 Bxd1 37. Qxd1 g4 38. Nd3 g3 39. Rg2 Ng4 40. Kg1 Qh4 41. Qf3
Nh2 42. Rxh2 Qxh2+ 0-1

[Event "6. Open Veteranos de Calviá"]
[Site "Calviá ESP"]
[Date "2006.10.28"]
[Round "9.9"]
[White "Coll, Enriques Lluis"]
[Black "Salgado Gonzalez, Julio"]
[Result "1-0"]
[WhiteElo "2194"]
[BlackElo "1955"]
[PlyCount "51"]
[EventDate "2006.10.20"]
[EventType "swiss"]
[EventRounds "9"]
[EventCountry "ESP"]
[Source "lmi"]
[SourceDate "2006.10.20"]

1. e4 Nc6 2. Nf3 d5 3. exd5 Qxd5 4. Nc3 Qa5 5. Bb5 Bd7 6. d4 O-O-O 7. O-O a6 8.
Bxc6 Bxc6 9. Ne5 Be8 10. a3 e6 11. b4 Qb6 12. Be3 Qd6 13. Ne4 Qe7 14. c4 f5 15.
Nc5 Nf6 16. b5 axb5 17. cxb5 Nd5 18. Qa4 Kb8 19. Nc6+ Bxc6 20. bxc6 Nb6 21. Qb5
Qe8 22. Nxb7 Rd5 23. Nc5 Bd6 24. a4 f4 25. a5 f3 26. g3 1-0

[Event "6. Open Veteranos de Calviá"]
[Site "Calviá ESP"]
[Date "2006.10.28"]
[Round "9.10"]
[White "Antigua Padros, Jordi"]
[Black "Feiguelman, Boris Dr"]
[Result "1/2-1/2"]
[WhiteElo "2160"]
[BlackElo "2092"]
[PlyCount "75"]
[EventDate "2006.10.20"]
[EventType "swiss"]
[EventRounds "9"]
[EventCountry "ESP"]
[Source "lmi"]
[SourceDate "2006.10.20"]

1. e4 g6 2. d4 c6 3. Nf3 Bg7 4. Be2 d5 5. e5 Bg4 6. Nbd2 e6 7. h3 Bxf3 8. Nxf3
Ne7 9. O-O O-O 10. Bg5 h6 11. Bd2 c5 12. c3 Kh7 13. Bd3 Nbc6 14. Be3 c4 15. Bc2
b5 16. Qd2 a5 17. Nh2 Nf5 18. Bf4 Rh8 19. g4 Nfe7 20. Be3 Kg8 21. f4 Qd7 22.
Rf2 Rf8 23. Raf1 f5 24. exf6 Rxf6 25. Nf3 h5 26. Kg2 hxg4 27. hxg4 e5 28. f5
gxf5 29. Nxe5 Nxe5 30. dxe5 Rg6 31. Rg1 Rxg4+ 32. Kf1 Rxg1+ 33. Kxg1 Bxe5 34.
Bc5 Rh7 35. Bxe7 Rxe7 36. Bxf5 Rg7+ 37. Kf1 Qd6 38. Rg2 1/2-1/2